[Event "Vila de Salou"]
[Site "Vila de Salou"]
[Date "1995.??.??"]
[Round "3"]
[White "Ater, G Hermiz"]
[Black "Jurkovic, Ante"]
[Result "1/2-1/2"]
[WhiteElo "2350"]
[BlackElo "2335"]
[PlyCount "65"]
[EventDate "1995.??.??"]
[EventType "tourn"]
[EventRounds "9"]
[EventCountry "PAR"]
[EventCategory "2"]
[SourceTitle "EXT 1997"]
[Source "ChessBase"]
[SourceDate "1996.11.15"]
[SourceVersion "1"]
[SourceVersionDate "1996.11.15"]
[SourceQuality "1"]

1. d4 e6 2. c4 c5 3. Nf3 Nf6 4. g3 cxd4 5. Nxd4 Nc6 6. Bg2 Nxd4 7. Qxd4 Qc7 8. Nc3 a6 9. 0-0 d6 10. Bg5 Be7 11. Ne4 e5 12. Qd2 Nxe4 13. Bxe4 Qxc4 14. Bxe7 Qxe4 15. Bxd6 f6 16. Rac1 Kf7 17. Rc7+ Kg6 18. Rd1 h5 19. f3 Qf5 20. Qd5 Qe6 21. Qe4+ Qf5 22. Qxf5+ Bxf5 23. Rxb7 Rac8 24. Bc7 Rhe8 25. e4 Be6 26. Rd6 Re7 27. Rxa6 Rcxc7 28. Rxc7 Rxc7 29. Rxe6 Rc1+ 30. Kg2 Rc2+ 31. Kg1 Rc1+ 32. Kf2 Rc2+ 33. Kg1 1/2-1/2

[Event "Vila de Salou"]
[Site "Vila de Salou"]
[Date "1995.??.??"]
[Round "1"]
[White "Sorroche Martin, Jose Maria"]
[Black "Ater, G Hermiz"]
[Result "1-0"]
[WhiteElo "2390"]
[BlackElo "2350"]
[PlyCount "81"]
[EventDate "1995.??.??"]
[EventType "tourn"]
[EventRounds "9"]
[EventCountry "PAR"]
[EventCategory "2"]
[SourceTitle "EXT 1997"]
[Source "ChessBase"]
[SourceDate "1996.11.15"]
[SourceVersion "1"]
[SourceVersionDate "1996.11.15"]
[SourceQuality "1"]

1. e4 c6 2. d4 d5 3. exd5 cxd5 4. Bd3 Nc6 5. c3 Nf6 6. f4 g6 7. Nf3 Bg4 8. h3 Bxf3 9. Qxf3 Bg7 10. 0-0 0-0 11. Na3 a6 12. Nc2 Rc8 13. f5 e5 14. fxe6 fxe6 15. Qe2 Qd7 16. Bf4 Rce8 17. g4 Kh8 18. Rae1 Ng8 19. Qh2 Nh6 20. Re2 Nf7 21. Rfe1 Re7 22. b4 e5 23. b5 axb5 24. Bxb5 Rfe8 25. dxe5 Nfxe5 26. Rxe5 Rxe5 27. Rxe5 Bxe5 28. Bxe5+ Rxe5 29. Bxc6 Qe7 30. Bb5 Qc5+ 31. Qf2 Qe7 32. Qd4 Qf6 33. Bf1 h5 34. Bg2 Qg5 35. Nb4 hxg4 36. hxg4 Kh7 37. Nxd5 Re1+ 38. Bf1 Qh4 39. Qf4 Qh3 40. Qf7+ Kh6 41. g5+ 1-0

[Event "Hospitalet op"]
[Site "Hospitalet"]
[Date "1994.??.??"]
[Round "3"]
[White "Fernandez, Mauro"]
[Black "Ater, G Hermiz"]
[Result "1/2-1/2"]
[WhiteElo "2280"]
[BlackElo "2380"]
[PlyCount "59"]
[EventDate "1994.??.??"]
[EventType "swiss"]
[EventRounds "9"]
[EventCountry "ESP"]
[SourceTitle "EXT 1997"]
[Source "ChessBase"]
[SourceDate "1996.11.15"]
[SourceVersion "1"]
[SourceVersionDate "1996.11.15"]
[SourceQuality "1"]

1. e4 c6 2. d4 d5 3. Nc3 dxe4 4. Nxe4 Nf6 5. Nxf6+ exf6 6. Nf3 Bd6 7. Be2 0-0 8. 0-0 Bg4 9. h3 Bh5 10. c4 Re8 11. Be3 Qc7 12. Qd2 c5 13. Rfd1 Na6 14. g4 Bg6 15. Bf1 Rad8 16. d5 Nb8 17. Bd3 Nd7 18. Kg2 Re7 19. Re1 Rde8 20. Qc2 b6 21. Bd2 Rxe1 22. Rxe1 Rxe1 23. Bxe1 Ne5 24. Nxe5 fxe5 25. Bc3 Qe7 26. Bxg6 hxg6 27. Qe4 Qg5 28. Qe3 Qe7 29. Qe4 Qg5 30. Qe3 1/2-1/2

[Event "Foment Martinenc op"]
[Site "Barcelona"]
[Date "1994.??.??"]
[Round "?"]
[White "Hernando Rodrigo, Julio Antonio"]
[Black "Ater, G Hermiz"]
[Result "0-1"]
[WhiteElo "2200"]
[BlackElo "2380"]
[PlyCount "86"]
[EventDate "1994.??.??"]
[EventType "swiss"]
[EventRounds "9"]
[EventCountry "ESP"]
[SourceTitle "EXT 2003"]
[Source "ChessBase"]
[SourceDate "2002.11.25"]
[SourceVersion "1"]
[SourceVersionDate "2002.11.25"]
[SourceQuality "1"]

1. d4 Nf6 2. c4 e6 3. Nf3 d5 4. g3 Be7 5. Bg2 0-0 6. 0-0 c6 7. b3 Nbd7 8. Qc2 Ne4 9. Nfd2 f5 10. Nxe4 fxe4 11. Ba3 Bxa3 12. Nxa3 Qe7 13. Qb2 a5 14. Nc2 a4 15. Ne3 Qb4 16. Rfc1 Nf6 17. Qc3 Qxc3 18. Rxc3 c5 19. Nc2 e5 20. e3 exd4 21. exd4 axb3 22. Rxb3 dxc4 23. Rc3 b5 24. dxc5 Bd7 25. Nb4 Rfc8 26. Re1 Rxc5 27. Bxe4 Re8 28. f3 Nxe4 29. fxe4 Rce5 30. Rce3 Bf5 31. Kf2 Rxe4 32. Rxe4 Bxe4 33. Re3 Kf7 34. Na6 Ra8 35. Nb4 Bb1 36. Re1 Bxa2 37. Ra1 Ra4 38. Nxa2 b4 39. Ke2 Kg6 40. Ke3 b3 41. Kd4 Rxa2 42. Rb1 Rc2 43. h3 b2 0-1

[Event "Badalona op"]
[Site "Badalona"]
[Date "1994.??.??"]
[Round "?"]
[White "Ionescu, Constantin"]
[Black "Ater, G Hermiz"]
[Result "1-0"]
[WhiteElo "2440"]
[BlackElo "2380"]
[PlyCount "71"]
[EventDate "1994.??.??"]
[EventType "swiss"]
[EventRounds "9"]
[EventCountry "ESP"]
[SourceTitle "EXT 2000"]
[Source "ChessBase"]
[SourceDate "1999.11.16"]
[SourceVersion "1"]
[SourceVersionDate "1999.11.16"]
[SourceQuality "1"]

1. d4 Nf6 2. c4 e6 3. Nc3 d5 4. Bg5 Be7 5. e3 0-0 6. Nf3 c6 7. Qc2 Nbd7 8. Rd1 Re8 9. a3 a6 10. Bd3 dxc4 11. Bxc4 Nd5 12. Bxe7 Qxe7 13. 0-0 Nxc3 14. Qxc3 c5 15. d5 exd5 16. Rxd5 b5 17. Rg5 g6 18. Bd5 Ra7 19. h4 Bb7 20. Rd1 Bxd5 21. Rgxd5 h5 22. Rd6 Rb8 23. Ng5 Rb6 24. R6d5 Rc6 25. e4 Nf8 26. e5 Rd7 27. Ne4 Rxd5 28. Rxd5 Qxh4 29. Nf6+ Kg7 30. Rd8 Qf4 31. Nxh5+ gxh5 32. e6+ Kh7 33. e7 Rf6 34. Qc2+ Ng6 35. e8Q Re6 36. Qh8# 1-0

[Event "Asia-chT fin 06th"]
[Site "Dubai"]
[Date "1986.??.??"]
[Round "7"]
[White "Ater, G Hermiz"]
[Black "Beitar, Hanni"]
[Result "1/2-1/2"]
[WhiteElo "2205"]
[BlackElo "2325"]
[PlyCount "38"]
[EventDate "1986.01.??"]
[EventType "team"]
[EventRounds "9"]
[EventCountry "UAE"]
[SourceTitle "EXT 2008"]
[Source "ChessBase"]
[SourceDate "2007.11.25"]
[SourceVersion "1"]
[SourceVersionDate "2007.11.25"]
[SourceQuality "1"]
[WhiteTeam "Iraq"]
[BlackTeam "Syria"]
[WhiteTeamCountry "IRQ"]
[BlackTeamCountry "SYR"]

1. Nf3 Nf6 2. d4 g6 3. g3 Bg7 4. Bg2 0-0 5. 0-0 c5 6. d5 d6 7. c4 Na6 8. Nc3 Nc7 9. a4 b6 10. e4 a6 11. e5 Nfe8 12. Re1 Bg4 13. Bf4 Rb8 14. Qe2 dxe5 15. Bxe5 Bxe5 16. Qxe5 Bxf3 17. Bxf3 Nd6 18. Be2 Re8 19. Bd3 e6 1/2-1/2

[Event "Asia-chT fin 06th"]
[Site "Dubai"]
[Date "1986.??.??"]
[Round "3"]
[White "Ater, G Hermiz"]
[Black "Wijesurija, G Laxman"]
[Result "1-0"]
[WhiteElo "2205"]
[BlackElo "2250"]
[PlyCount "53"]
[EventDate "1986.01.??"]
[EventType "team"]
[EventRounds "9"]
[EventCountry "UAE"]
[SourceTitle "EXT 2008"]
[Source "ChessBase"]
[SourceDate "2007.11.25"]
[SourceVersion "1"]
[SourceVersionDate "2007.11.25"]
[SourceQuality "1"]
[WhiteTeam "Iraq"]
[BlackTeam "Sri Lanka"]
[WhiteTeamCountry "IRQ"]
[BlackTeamCountry "SRI"]

1. d4 Nf6 2. Nf3 e6 3. c4 b6 4. Nc3 d5 5. Bg5 Be7 6. e3 Nbd7 7. cxd5 exd5 8. Ne5 Bb7 9. Bb5 a6 10. Bc6 Bxc6 11. Nxc6 Qc8 12. Nxe7 Kxe7 13. Nxd5+ Kf8 14. Nxf6 Nxf6 15. Bxf6 gxf6 16. Qf3 Qd8 17. Rc1 Rc8 18. Rc6 Rg8 19. 0-0 Rg6 20. Rfc1 Kg7 21. d5 Rb8 22. e4 Rb7 23. Qf4 Qe7 24. a3 f5 25. Qxf5 Rxc6 26. Rxc6 b5 27. Qg4+ 1-0